logo

Bir Sreshtho Munshi Abdur Rouf Library
Jhenaidah Cadet College

আনারকলি / (Record no. 11106)

MARC details
000 -LEADER
fixed length control field 00672nam a2200217 a 4500
001 - CONTROL NUMBER
JCCL Control Number 11106
003 - CONTROL NUMBER IDENTIFIER
JCCL marc code BD-JhCC
005 - DATE AND TIME OF LATEST TRANSACTION
control field 20200330134008.0
008 - FIXED-LENGTH DATA ELEMENTS--GENERAL INFORMATION
fixed length control field 190629b 2017bg a|||| ||a| 000 0 ben d
020 ## - INTERNATIONAL STANDARD BOOK NUMBER
International Standard Book Number 9789849300199
035 ## - SYSTEM CONTROL NUMBER
system control number (BD-JhCC)11106
040 ## - CATALOGING SOURCE
Original cataloging agency BD-JhCC
Modifying agency BD-JhCC
041 ## - LANGUAGE CODE
Language code of Book ben
082 ## - DEWEY DECIMAL CLASSIFICATION NUMBER
Classification number 891.443
Author mark and Year HAQ 2017
100 ## - MAIN ENTRY--PERSONAL NAME
Personal name হক, সৈয়দ শামসুল
245 ## - TITLE STATEMENT
Title আনারকলি /
Statement of responsibility, etc সৈয়দ শামসুল হক ।
260 ## - PUBLICATION, DISTRIBUTION, ETC. (IMPRINT)
Place of publication, distribution, etc ঢাকা:
Name of publisher, distributor, etc প্রথমা প্রকাশন;
Date of publication, distribution, etc ২০১৭.
300 ## - PHYSICAL DESCRIPTION
Pagination ৮৬ পৃঃ . :
Other physical details ill;
Dimensions ১৬ সেমি.
650 ## - SUBJECT ADDED ENTRY--TOPICAL TERM
Topical term or geographic name as entry element Nobel
942 ## - ADDED ENTRY ELEMENTS (KOHA)
Source of classification or shelving scheme Dewey Decimal Classification
Koha item type Books
Koha issues (borrowed), all copies 3
Holdings
Source of classification or shelving scheme Damaged status Not for loan Home library Current library Shelving location Cost, normal purchase price Total Checkouts Full call number Barcode Date last seen Date checked out Copy number Koha item type Date of accession Source of acquisition Method of acquisition Currency
Dewey Decimal Classification     JCC Rouf Library JCC Rouf Library General Stacks 112.00 2 891.443 HAQ 2017 15191 03/31/2020 03/29/2020 C-1 Books        
Dewey Decimal Classification     JCC Rouf Library JCC Rouf Library General Stacks 200.00 4 891.443 MIS 2017 19738 01/21/2026 01/14/2026 C-2 Books   With the compliments of Maj (Retd) Syed Sakhawat Hussain,07/0388/K Gift/Donation BDT

JCC Library | Contacts | JCC Home

Last Update on 23 September 2017
Copyright @ 2017-2020 JCC Rouf Library
Rouf Library, Jhenidah Cadet College (JCC), Bangladesh